|
|
|
|
| LEADER |
00000cam a2200000 a 4500 |
| 001 |
27252 |
| 003 |
Ucuenca |
| 005 |
20230308180503.0 |
| 008 |
004010|2003 sz |||||r|||||||||||spa|| |
| 020 |
|
|
|a 92 4 156223 4
|
| 040 |
|
|
|b spa
|
| 041 |
0 |
|
|a eng
|
| 082 |
0 |
|
|a 614.5
|
| 110 |
2 |
|
|a World Health Organization.
|9 82455
|
| 245 |
|
|
|a MONICA monograph and multimedia sourcebook:
|c World Health Organization
|h imp
|b world's largest study of heart disease, stroke, risk factors, and population trends
|
| 264 |
|
|
|a Geneva
|c 2003
|b WHO
|
| 300 |
|
|
|a xix, 244 páginas:
|b ilu
|c 30 cm
|
| 504 |
|
|
|a incl. ref.
|
| 650 |
|
|
|a Cardiovascular diseases-Epidemiology
|9 87790
|
| 650 |
|
|
|a Coronary disease-Epidemiology
|9 87791
|
| 650 |
|
|
|a Cerebrovascular accident-Epidemiology
|9 87792
|
| 650 |
|
|
|a Epidemiologic methods
|9 87793
|
| 650 |
|
|
|a Multicenter studies
|9 87794
|
| 852 |
|
|
|a UC-SALUD
|l 1
|m General
|p 20040106
|q $ 1
|t 27252
|b 0
|d CDRS
|e CDRS
|g UC-BFCM 614.4
|z 2004-40-10
|
| 942 |
|
|
|c BK
|
| 999 |
|
|
|c 53041
|d 53041
|